The wild mammals of Malaya [Peninsular Malaysia] and Singapore

Bibliographic Details
Main Author: Medway, Lord
Format: Book
Published: Kuala Lumpur : Oxford University Press , 1983
Edition:2nd.ed
Subjects:

MARC

LEADER 00000cam a2200000 7i4500
001 0000000139
002 000000194
005 20080515.0
020 |a 0195825845 
090 0 0 |a 599.09595   |b MED 
100 1 |a Medway, Lord 
245 1 4 |a The wild mammals of Malaya [Peninsular Malaysia] and Singapore   |c Lord Medway 
250 |a 2nd.ed 
260 |a Kuala Lumpur :   |b Oxford University Press ,   |c 1983 
300 |a 131p. :   |b ill. ;   |c 25cm. 
650 0 0 |a Mammals, wild   |z Malaysia 
999 |a 027900   |b BUKU   |c MALAYSIANA   |e PERPUSTAKAAN KOMUNITI PETALING JAYA